000
00444nam a2200133Ia 4500
008
100328s9999 xx 000 0 und d
082
_b
60480
100
_a
गोखले माुसूदन.
245
_a
उपेक्षित योगी.
260
_b
नवसाहित्य बुक स्टॉल.
630
_a
उपेक्षित योगी.
730
_a
उपेक्षित योगी.
942
_c
BOOK
999
_c
546627
_d
546624